| 000 | 00644nam a2200241Ia 4500 | ||
|---|---|---|---|
| 003 | OSt | ||
| 005 | 20231113152151.0 | ||
| 008 | 210331s9999||||xx |||||||||||||| ||und|| | ||
| 020 | _a9789339219307 | ||
| 040 | _cSTCPL | ||
| 041 | _aENG | ||
| 082 |
_a515.352 _bDEO-T |
||
| 100 | _aDeo, S G ...[et al] | ||
| 245 | 0 |
_aTextbook of ordinary differential equations / _cby S G Deo ...[et al] |
|
| 250 | _a3rd ed. | ||
| 260 |
_aNew Delhi : _bMcGraw Hill education (India ) private Ltd. , _c2015 . |
||
| 300 |
_a447 p. _bPB |
||
| 650 | _aMathematics | ||
| 650 | _aDifferential equations | ||
| 650 | _aMatrices | ||
| 942 | _cBK | ||
| 942 | _2ddc | ||
| 999 |
_c73733 _d73733 |
||